| 000 | 00821nam a22002537a 4500 | ||
|---|---|---|---|
| 003 | DO-SdBNP | ||
| 005 | 20240412111452.0 | ||
| 008 | 161107b2009 sp a 00| 0 spa d | ||
| 020 | _a9788426348531 | ||
| 040 |
_aBPMSU _bspa _cBPMSU |
||
| 082 | 4 |
_a863.6 _bC112m 2009 _222 |
|
| 100 | 1 | _aCabal, Ulises | |
| 245 | 1 | 0 |
_aEl misterio del colegio embrujado / _cUlises Cabal ; ilustrado por Gabriel Hernández Walta. |
| 250 | _a2ª ed., 34a. reimpresión | ||
| 260 |
_aZaragoza, España : _bEdelvives, _c 2009. |
||
| 300 |
_a139 p. : _bil. ; _c21 cm. |
||
| 490 | 0 |
_aAla delta, _v12 |
|
| 521 | _aA partir de 10 años. | ||
| 590 | _aInventariado, 2024/VM | ||
| 650 | 4 |
_aCuentos infantiles españoles _ySiglo XX. |
|
| 700 | 1 |
_aHernández Walta, Gabriel _eil. |
|
| 910 | _aVMateo V. Control de calidad. BPMSU | ||
| 942 |
_2ddc _cBK |
||
| 999 |
_c12762 _d12762 |
||